000 00475nam a2200181Ia 4500
005 20250326123917.0
008 250326s9999 xx 000 0 und d
037 _aTextbook
040 _aFMSL
_beng
_cFMSL
041 _aeng
_2eng
084 _aSM K5
_qFMSL
100 _aLyons J
_9736367
245 0 _aPremer of experimental psychology
_cLyons J
260 _aNY
_bNY, Harper & Row
_c1965
300 _a322p
942 _cTB
_hSM K5
999 _c1271435
_d1271435